00321pab a2200121 454500008004000000100001600040245007500056260000900131300001300140362001200153650002100165773001300186180718b1979 xxu||||| |||| 00| 0 eng d aMitra, Asok aWhere do we go from here? The problems of Calcutta Metropolitan region c1979 ap.13-33. aApr-Jun aLocal government aNagarlok